| 000 | 01435nam a22003017a 4500 | ||
|---|---|---|---|
| 999 |
_c440 _d440 |
||
| 003 | AR-CdUCM | ||
| 008 | 190223b ||||| |||| 00| 0 spa d | ||
| 020 | _a9786070228216 | ||
| 040 |
_aMUNICIPALIDAD PROVINCIAL DEL CUSCO _cBIBLIOTECA MUNICIPAL DEL CUSCO |
||
| 082 |
_a974 / _bC29 |
||
| 100 |
_aCardoso Vargas, Hugo Arturo _91729 |
||
| 245 |
_aLa fiesta en México : _bUna mirada multidisciplinaria / _cCardoso Vargas, Hugo Arturo ; Hernández H., Alfonso ; Aranda Juárez, Blanca Estela ; Reyes Ruiz, Emilio ; Salcedo Aquino, J. Alejandro ; Díaz Miranda, Lorenza Elena ; Rodríguez López, Gabriela ; Vázquez Arteaga, Manuel |
||
| 260 |
_aMéxico : _bAclatan, _c2011. |
||
| 300 |
_a207 páginas ; _bilustraciones, fotografías, _c22 cm. |
||
| 505 | _aLa teoría de la fiesta en Roger Caillois -- La antinomia entre la fiesta y el trabajo -- La fiesta de la Santa Cruz en Peña de Bernal -- La Santísima de Churubusco -- El paseo del Pendón | ||
| 650 |
_aMéxico. _918 |
||
| 650 |
_aCostumbres. _9230 |
||
| 650 |
_aAmérica del Centro. _91730 |
||
| 700 |
_aHernández H., Alfonso _91731 |
||
| 700 |
_aAranda Juárez, Blanca Estela _91732 |
||
| 700 |
_aReyes Ruiz, Emilio _91733 |
||
| 700 |
_aSalcedo Aquino, J. Alejandro _91734 |
||
| 700 |
_aDíaz Miranda, Lorenza Elena _91735 |
||
| 700 |
_aRodríguez López, Gabriela _91736 |
||
| 700 |
_aVázquez Arteaga, Manuel _91737 |
||
| 942 |
_2ddc _cLIBROS |
||
| 945 |
_aachl _d2019-02-23 |
||